| 000 -LEADER |
| fixed length control field |
01573cam a2200397 a 4500 |
| 001 - CONTROL NUMBER |
| control field |
2530904 |
| 003 - CONTROL NUMBER IDENTIFIER |
| control field |
Nust |
| 005 - DATE AND TIME OF LATEST TRANSACTION |
| control field |
20180712052921.0 |
| 008 - FIXED-LENGTH DATA ELEMENTS--GENERAL INFORMATION |
| fixed length control field |
930525s1992 enk j 000 1 eng |
| 010 ## - LIBRARY OF CONGRESS CONTROL NUMBER |
| LC control number |
93158321 |
| 020 ## - INTERNATIONAL STANDARD BOOK NUMBER |
| International Standard Book Number |
9781853261169 : |
| Terms of availability |
Rs. 240 |
| 038 ## - RECORD CONTENT LICENSOR |
| Staff Name |
Arshad |
| 040 ## - CATALOGING SOURCE |
| Original cataloging agency |
DLC |
| Transcribing agency |
DLC |
| Modifying agency |
DLC |
| -- |
OCoLC |
| -- |
DLC |
| 042 ## - AUTHENTICATION CODE |
| Authentication code |
lcac |
| 043 ## - GEOGRAPHIC AREA CODE |
| Geographic area code |
n-usn-- |
| 050 00 - LIBRARY OF CONGRESS CALL NUMBER |
| Classification number |
PZ7.A335 |
| Item number |
Li 1992 |
| 082 00 - DEWEY DECIMAL CLASSIFICATION NUMBER |
| Classification number |
823 |
| Author Mark |
ALC |
| 100 1# - MAIN ENTRY--PERSONAL NAME |
| Personal name |
Alcott, Louisa May, |
| Dates associated with a name |
1832-1888. |
| 9 (RLIN) |
8240 |
| 245 10 - TITLE STATEMENT |
| Title |
Little women and Good wives / |
| Statement of responsibility, etc. |
Louisa M. Alcott ; introduction by Ann Thwaite. |
| 260 ## - PUBLICATION, DISTRIBUTION, ETC. |
| Place of publication, distribution, etc. |
London : |
| Name of publisher, distributor, etc. |
J.M. Dent ; |
| Place of publication, distribution, etc. |
Rutland, Vt. : |
| Name of publisher, distributor, etc. |
C.E. Tuttle, |
| Date of publication, distribution, etc. |
1992. |
| 300 ## - PHYSICAL DESCRIPTION |
| Extent |
xxii, 464 p. ; |
| Dimensions |
20 cm. |
| 490 0# - SERIES STATEMENT |
| Series statement |
Everyman's library |
| 520 ## - SUMMARY, ETC. |
| Summary, etc. |
Chronicles the humorous and sentimental fortunes of the four March sisters as they grow into young ladies and marry in nineteenth-century New England. |
| 650 #0 - SUBJECT ADDED ENTRY--TOPICAL TERM |
| Topical term or geographic name entry element |
March family (Fictitious characters) |
| Form subdivision |
Juvenile fiction. |
| 9 (RLIN) |
11594 |
| 650 #0 - SUBJECT ADDED ENTRY--TOPICAL TERM |
| Topical term or geographic name entry element |
Families |
| Geographic subdivision |
New England |
| Form subdivision |
Juvenile fiction. |
| 9 (RLIN) |
11595 |
| 650 #0 - SUBJECT ADDED ENTRY--TOPICAL TERM |
| Topical term or geographic name entry element |
Sisters |
| Geographic subdivision |
New England |
| Form subdivision |
Juvenile fiction. |
| 9 (RLIN) |
11596 |
| 650 #1 - SUBJECT ADDED ENTRY--TOPICAL TERM |
| Topical term or geographic name entry element |
Family life |
| Geographic subdivision |
New England |
| Form subdivision |
Fiction. |
| 9 (RLIN) |
11597 |
| 650 #1 - SUBJECT ADDED ENTRY--TOPICAL TERM |
| Topical term or geographic name entry element |
Sisters |
| Form subdivision |
Fiction. |
| 9 (RLIN) |
7293 |
| 651 #0 - SUBJECT ADDED ENTRY--GEOGRAPHIC NAME |
| Geographic name |
New England |
| Form subdivision |
Juvenile fiction. |
| 9 (RLIN) |
11598 |
| 651 #1 - SUBJECT ADDED ENTRY--GEOGRAPHIC NAME |
| Geographic name |
New England |
| Form subdivision |
Fiction. |
| 9 (RLIN) |
11599 |
| 655 #7 - INDEX TERM--GENRE/FORM |
| Genre/form data or focus term |
Domestic fiction. |
| Source of term |
lcsh |
| 9 (RLIN) |
4525 |
| 700 12 - ADDED ENTRY--PERSONAL NAME |
| Personal name |
Alcott, Louisa May, |
| Dates associated with a name |
1832-1888. |
| Title of a work |
Good wives. |
| Date of a work |
1992. |
| 9 (RLIN) |
11600 |
| 906 ## - LOCAL DATA ELEMENT F, LDF (RLIN) |
| a |
7 |
| b |
cbc |
| c |
orignew |
| d |
3 |
| e |
ncip |
| f |
19 |
| g |
y-gencatlg |
| 942 ## - ADDED ENTRY ELEMENTS (KOHA) |
| Source of classification or shelving scheme |
|
| Koha item type |
Book |